[Event "XIV Festival Conca della Presolana Magistrale"]
[Site "Bratto - Castione della Presolana ITA"]
[Date "1994.08.28"]
[Round "8"]
[White "Imbrogno, Rinaldo"]
[Black "Gerundino, Nicola"]
[Result "1/2-1/2"]
[WhiteElo "1902"]
[BlackElo "1909"]
[PlyCount "73"]
[EventDate "1994.08.21"]

1. e4 c5 2. Nc3 Nc6 3. f4 e6 4. Nf3 d5 5. d3 g6 6. Qe2 Nge7 7. g3 Bg7 8. Bg2
O-O 9. O-O Nd4 10. Nxd4 Bxd4+ 11. Kh1 b6 12. Nd1 Bg7 13. Bd2 Bb7 14. c3 Qd7 15.
Nf2 Rfd8 16. Rfd1 Rac8 17. Rac1 Rc7 18. Be1 Qc8 19. Rd2 Qa8 20. Rcd1 d4 21. c4
a6 22. Nh3 Rdc8 23. b3 Bc6 24. Rb1 b5 25. Rdb2 h6 26. Bd2 f5 27. e5 Bxg2+ 28.
Qxg2 Qxg2+ 29. Kxg2 Nc6 30. Nf2 Bf8 31. Kf3 Rb7 32. g4 Rcb8 33. Rg1 Kf7 34. h4
Be7 35. gxf5 gxf5 36. h5 Rg8 37. Rbb1 1/2-1/2

[Event "XIV Festival Conca della Presolana Magistrale"]
[Site "Bratto - Castione della Presolana ITA"]
[Date "1994.08.28"]
[Round "8"]
[White "Lanzani, Mario"]
[Black "Profumo, Alberto"]
[Result "1-0"]
[WhiteElo "2320"]
[BlackElo "2106"]
[PlyCount "99"]
[EventDate "1994.08.21"]

1. e4 c6 2. d4 d5 3. f3 dxe4 4. fxe4 e5 5. Nf3 Nf6 6. Bc4 Bd6 7. dxe5 Bb4+ 8.
c3 Qxd1+ 9. Kxd1 Nxe4 10. cxb4 Nf2+ 11. Ke2 Nxh1 12. Nc3 O-O 13. Bf4 Bg4 14.
Rxh1 Nd7 15. h3 Bxf3+ 16. Kxf3 Rae8 17. Rd1 Re7 18. Ne4 h6 19. e6 fxe6 20. Rxd7
Rxd7 21. Bxe6+ Kh8 22. Bxd7 g5 23. g3 gxf4 24. gxf4 Rd8 25. Bf5 Rd1 26. Nc5 b6
27. Nd3 Rd2 28. Ke3 Rh2 29. Kd4 Kg7 30. Kc3 h5 31. Bd7 Kf6 32. a4 Ke7 33. Bc8
Kd6 34. Kd4 Kc7 35. Bf5 Kd6 36. Ke3 Rh1 37. Nf2 Ra1 38. Ne4+ Ke7 39. Nc3 Rh1
40. Kf3 Kf6 41. Kg2 Rc1 42. Be4 a6 43. Kg3 Kg7 44. Bxc6 Rc2 45. b5 axb5 46.
axb5 Rxb2 47. Na4 Rb3+ 48. Kh4 Rb4 49. Nxb6 Rxf4+ 50. Kg5 1-0

[Event "XIV Festival Conca della Presolana Magistrale"]
[Site "Bratto - Castione della Presolana ITA"]
[Date "1994.08.28"]
[Round "8"]
[White "Luchsinger, Eric"]
[Black "Campini, Marco"]
[Result "0-1"]
[WhiteElo "2200"]
[BlackElo "2060"]
[PlyCount "64"]
[EventDate "1994.08.21"]

1. d4 Nf6 2. Nf3 e6 3. Bg5 d5 4. Nbd2 Be7 5. e3 b6 6. c3 a5 7. Qa4+ Bd7 8. Qd1
O-O 9. Bd3 Ne8 10. Bf4 Nd6 11. Ne5 f5 12. h4 c5 13. Ndf3 c4 14. Ng5 cxd3 15.
Qh5 h6 16. Ng6 d2+ 17. Ke2 Rf6 18. Be5 Qe8 19. Bxf6 Bxf6 20. f3 Bb5+ 21. Kf2
Bd3 22. Nh3 Bc2 23. Nhf4 d1=Q 24. Raxd1 Bxd1 25. Rxd1 Nd7 26. Rg1 Nf8 27. g4
Nxg6 28. Nxg6 Kh7 29. gxf5 Nxf5 30. e4 Bxh4+ 31. Ke2 Ng3+ 32. Rxg3 Bxg3 0-1

[Event "XIV Festival Conca della Presolana Magistrale"]
[Site "Bratto - Castione della Presolana ITA"]
[Date "1994.08.28"]
[Round "8"]
[White "Oppici, Gabriele"]
[Black "Bascetta, Biagio"]
[Result "0-1"]
[WhiteElo "2005"]
[BlackElo "1902"]
[PlyCount "70"]
[EventDate "1994.08.21"]

1. d4 Nf6 2. e3 g6 3. Nd2 Bg7 4. Bd3 d6 5. f4 Nc6 6. Ngf3 e5 7. O-O O-O 8. c4
exd4 9. exd4 Ng4 10. Nb3 Re8 11. Re1 a5 12. d5 a4 13. h3 Rxe1+ 14. Qxe1 axb3
15. dxc6 Rxa2 16. Rb1 Nf6 17. Qb4 bxc6 18. Qxb3 Ra8 19. Bd2 Nd7 20. Qd1 Nc5 21.
Bc2 Bd7 22. Be3 Na6 23. Qd2 c5 24. Be4 Rb8 25. Ng5 Be6 26. g4 Bxc4 27. f5 Rb3
28. Bf4 Qf6 29. Kh1 Rxb2 30. Rxb2 Qxb2 31. fxg6 hxg6 32. Qd1 Qd4 33. Qf3 Nb4
34. Be3 Qf6 35. Qg2 Qf1+ 0-1

[Event "XIV Festival Conca della Presolana Magistrale"]
[Site "Bratto - Castione della Presolana ITA"]
[Date "1994.08.28"]
[Round "8"]
[White "Perissinotto, Claudio"]
[Black "D'Apa, Stefano"]
[Result "0-1"]
[WhiteElo "2083"]
[BlackElo "2205"]
[PlyCount "76"]
[EventDate "1994.08.21"]

1. e4 e6 2. d4 d5 3. Nd2 c5 4. exd5 exd5 5. Ngf3 Bd6 6. dxc5 Bxc5 7. Bb5+ Nc6
8. Qe2+ Nge7 9. Nb3 Bd6 10. O-O Bg4 11. h3 Bh5 12. Be3 O-O 13. Nbd4 a6 14. Bd3
h6 15. Qd2 Bc7 16. Be2 Re8 17. Bf4 Rc8 18. Bxc7 Rxc7 19. c3 Nc8 20. Rfe1 Nd6
21. Nxc6 bxc6 22. Nd4 Ne4 23. Qc2 Bg6 24. Bd3 c5 25. Nf3 c4 26. Bf1 Rce7 27.
Rad1 Ng3 28. Qc1 Nxf1 29. Rxf1 Bd3 30. Rfe1 Be2 31. Rd4 Bxf3 32. Rxe7 Rxe7 33.
gxf3 Qe8 34. Qf4 Re1+ 35. Kg2 Qe2 36. Qd2 Qf1+ 37. Kg3 Qg1+ 38. Kh4 Re2 0-1

[Event "XIV Festival Conca della Presolana Magistrale"]
[Site "Bratto - Castione della Presolana ITA"]
[Date "1994.08.28"]
[Round "8"]
[White "Vivo, Mario"]
[Black "Cazzaniga, Walter"]
[Result "1-0"]
[WhiteElo "2164"]
[BlackElo "2180"]
[PlyCount "83"]
[EventDate "1994.08.21"]

1. d4 Nf6 2. Nf3 g6 3. c4 Bg7 4. Nc3 O-O 5. e3 d5 6. Bd2 c5 7. dxc5 Na6 8. cxd5
Nxc5 9. Bc4 b5 10. Bxb5 Rb8 11. Bc4 Rxb2 12. O-O Nfe4 13. Nxe4 Nxe4 14. Rb1
Rxb1 15. Qxb1 Bf5 16. Qb3 Bg4 17. Bb4 a5 18. Be1 Bxf3 19. gxf3 Ng5 20. Be2 a4
21. Qc4 Qd7 22. f4 Rc8 23. Qd3 Nh3+ 24. Kh1 g5 25. fxg5 Nxg5 26. Rg1 h6 27. f4
Nh7 28. Bc3 f6 29. Bg4 Rxc3 30. Qxc3 Qxd5+ 31. Rg2 Qe4 32. Bd1 Kh8 33. Bc2 Qf3
34. Qd3 f5 35. Bd1 Qc6 36. Qxf5 Qc1 37. Qg4 Qa1 38. Rg1 a3 39. Bb3 Qc3 40. Qg6
Nf8 41. Qf7 e6 42. Bxe6 1-0

[Event "V C.to NATO"]
[Site "Breda NED"]
[Date "1994.11.??"]
[Round "4"]
[White "Borbjerggaard, Lars"]
[Black "Benedetti, Fabrizio"]
[Result "1/2-1/2"]
[WhiteElo "2115"]
[BlackElo "2250"]
[PlyCount "91"]
[EventDate "1994.11.28"]

1. d4 Nf6 2. Nf3 d5 3. c4 e6 4. Nc3 c6 5. cxd5 exd5 6. Bg5 Be7 7. Qc2 Nbd7 8.
e3 O-O 9. Bd3 Re8 10. O-O-O Nf8 11. Rdg1 Be6 12. Bxf6 Bxf6 13. g4 g6 14. h4 a5
15. g5 Bg7 16. Ne5 c5 17. f4 cxd4 18. exd4 Rc8 19. h5 Qb6 20. Qf2 a4 21. a3 Re7
22. Bc2 Rec7 23. Qe3 Qa5 24. hxg6 hxg6 25. Rh2 b5 26. Na2 Bf5 27. Nb4 Ne6 28.
Kb1 Rxc2 29. Rxc2 Rxc2 30. Nxc2 b4 31. axb4 Qxb4 32. Rd1 Qb3 33. Qc3 Nxf4 34.
Rd2 Ne6 35. Qc8+ Bf8 36. Nd7 a3 37. Qc3 Qxb2+ 38. Qxb2 axb2 39. Nf6+ Kg7 40.
Nxd5 Nxg5 41. Kxb2 Nf3 42. Rd1 Bd6 43. Nb6 Bxc2 44. Kxc2 Nxd4+ 45. Kd3 Ne6 46.
Ke4 1/2-1/2

[Event "X European Club Cup Gruppo 2"]
[Site "Pola CRO"]
[Date "1994.??.??"]
[Round "2.2"]
[White "Tirabassi, Maurizio"]
[Black "Horvath, Gyula"]
[Result "0-1"]
[WhiteElo "2340"]
[BlackElo "2445"]
[PlyCount "76"]
[EventDate "1994.??.??"]

1. c4 g6 2. g3 Bg7 3. Bg2 c5 4. Nc3 Nc6 5. e3 e5 6. Nge2 Nge7 7. O-O O-O 8. b3
d6 9. Bb2 a6 10. Nd5 Rb8 11. d3 b5 12. Qd2 Bd7 13. cxb5 axb5 14. d4 exd4 15.
exd4 Nxd5 16. Bxd5 Nb4 17. Bg2 Bf5 18. dxc5 dxc5 19. Rfd1 Qxd2 20. Rxd2 Bh6 21.
Nf4 Bxf4 22. gxf4 Nd3 23. Be5 Nxe5 24. fxe5 c4 25. Rc1 Rfc8 26. Rc3 cxb3 27.
Rxb3 Rc1+ 28. Bf1 Be6 29. Rbd3 Bc4 30. Rd1 Rxd1 31. Rxd1 Bxa2 32. f4 b4 33. Rd2
Be6 34. Kf2 b3 35. Bd3 b2 36. Bb1 Bf5 37. Rd1 Bxb1 38. Rxb1 f6 0-1

[Event "X European Club Cup Gruppo 2"]
[Site "Pola CRO"]
[Date "1994.??.??"]
[Round "2.3"]
[White "Barczay, Laszlo"]
[Black "Anceschi, Vittorio"]
[Result "1-0"]
[WhiteElo "2410"]
[BlackElo "2285"]
[PlyCount "85"]
[EventDate "1994.??.??"]

1. g3 f5 2. Bg2 Nf6 3. d3 g6 4. e4 fxe4 5. dxe4 Nc6 6. Nc3 Bg7 7. Bg5 O-O 8.
Qd2 d6 9. Nf3 Bg4 10. h3 Bxf3 11. Bxf3 e5 12. Bg2 Nd4 13. Ne2 Ne6 14. Be3 Qe7
15. O-O-O Rad8 16. Kb1 a6 17. Qc3 Kh8 18. h4 Ng4 19. f3 Nxe3 20. Qxe3 h6 21. h5
g5 22. Bh3 Nd4 23. Bg4 c6 24. Nc1 Qf7 25. c3 Nb5 26. a4 Nc7 27. Qb6 Na8 28. Qb4
d5 29. Nd3 b5 30. Nc5 Nc7 31. a5 d4 32. cxd4 exd4 33. Nd3 Rfe8 34. Qc5 b4 35.
Rc1 Nb5 36. Qc4 Qc7 37. Nxb4 Qxa5 38. Nxc6 Qb6 39. Qc5 Qxc5 40. Rxc5 Rd6 41. e5
Rxc6 42. Rxc6 Rxe5 43. Rxa6 1-0

[Event "X European Club Cup Gruppo 2"]
[Site "Pola CRO"]
[Date "1994.??.??"]
[Round "2.4"]
[White "Iotti, Pierluigi"]
[Black "Konopka, Michal"]
[Result "0-1"]
[WhiteElo "2255"]
[BlackElo "2455"]
[PlyCount "56"]
[EventDate "1994.??.??"]

1. d4 Nf6 2. Nf3 g6 3. c4 Bg7 4. Nc3 d5 5. e3 O-O 6. b4 b6 7. b5 Bb7 8. Bb2
Nbd7 9. Be2 c5 10. bxc6 Bxc6 11. O-O e6 12. Rc1 dxc4 13. Bxc4 b5 14. Nxb5 Rb8
15. Ba3 Bxb5 16. Bxf8 Bxf8 17. Bxb5 Rxb5 18. Rc6 Qa5 19. Qe2 Nd5 20. g3 Rb6 21.
Rc8 Qa3 22. Rfc1 Rb2 23. R1c2 Rb1+ 24. Kg2 N7b6 25. Rb8 Nb4 26. Rc7 Rb2 27. Qb5
Na6 28. Rxf7 Rxb5 0-1

[Event "X European Club Cup Gruppo 2"]
[Site "Pola CRO"]
[Date "1994.??.??"]
[Round "2.5"]
[White "Portisch, Ferenc"]
[Black "Falchetta, Giovanni"]
[Result "1-0"]
[WhiteElo "2375"]
[BlackElo "2210"]
[PlyCount "75"]
[EventDate "1994.??.??"]

1. d4 d5 2. c4 Bf5 3. Nc3 e6 4. e3 c6 5. Nf3 Nd7 6. Be2 Ngf6 7. Nh4 Bg6 8. Nxg6
hxg6 9. Qc2 Be7 10. Bd2 a6 11. a4 dxc4 12. Bxc4 c5 13. dxc5 Bxc5 14. Be2 Rc8
15. O-O Qc7 16. h3 Ba7 17. Rac1 g5 18. Qd1 Bb8 19. g3 Qe5 20. Bf3 Rc7 21. Ne2
O-O 22. Rxc7 Qxc7 23. Bc3 Rd8 24. Qb3 Nc5 25. Qc4 Nce4 26. Qxc7 Bxc7 27. Bxf6
Nxf6 28. Bxb7 a5 29. Rc1 Be5 30. Rc5 Bxb2 31. Rxa5 Rd1+ 32. Kg2 Ra1 33. Ra8+
Kh7 34. a5 Ra2 35. a6 Be5 36. Nd4 Nd5 37. Bxd5 Bxd4 38. Bxa2 1-0

[Event "X European Club Cup Gruppo 2"]
[Site "Pola CRO"]
[Date "1994.??.??"]
[Round "2.6"]
[White "Menoni, Vincenzo"]
[Black "Horvath, Imre"]
[Result "0-1"]
[WhiteElo "2083"]
[BlackElo "2365"]
[PlyCount "68"]
[EventDate "1994.??.??"]

1. e4 c5 2. Nc3 Nc6 3. g3 g6 4. Bg2 Bg7 5. d3 d6 6. Be3 Rb8 7. f4 e6 8. Nf3
Nge7 9. O-O O-O 10. Qd2 Nd4 11. Nh4 f5 12. Rae1 b6 13. e5 dxe5 14. fxe5 Bb7 15.
Bg5 Qd7 16. Nd1 Rf7 17. Bf4 Bxg2 18. Kxg2 Qd5+ 19. Kg1 Qxa2 20. Ne3 Qxb2 21.
Rb1 Qc3 22. Qxc3 Ne2+ 23. Kf2 Nxc3 24. Rb3 Ncd5 25. Nc4 Nc6 26. Nf3 h6 27. h4
Rd7 28. Ra1 Rbd8 29. Ke2 Kh7 30. Kf2 Bf8 31. Bd2 Be7 32. Re1 Ndb4 33. Bxb4 Nxb4
34. Ne3 g5 0-1

[Event "X European Club Cup Gruppo 2"]
[Site "Pola CRO"]
[Date "1994.??.??"]
[Round "3.1"]
[White "Vezzosi, Paolo"]
[Black "Cvitan, Ognjen"]
[Result "1/2-1/2"]
[WhiteElo "2300"]
[BlackElo "2585"]
[PlyCount "24"]
[EventDate "1994.??.??"]

1. e4 c5 2. Nf3 e6 3. d4 cxd4 4. Nxd4 Nf6 5. Nc3 d6 6. Be2 Be7 7. O-O a6 8. f4
O-O 9. Bf3 Qc7 10. Qe1 Nc6 11. Be3 Nxd4 12. Bxd4 e5 1/2-1/2

[Event "X European Club Cup Gruppo 2"]
[Site "Pola CRO"]
[Date "1994.??.??"]
[Round "3.2"]
[White "Hulak, Krunoslav"]
[Black "Tirabassi, Maurizio"]
[Result "1-0"]
[WhiteElo "2530"]
[BlackElo "2340"]
[PlyCount "79"]
[EventDate "1994.??.??"]

1. d4 Nf6 2. c4 e6 3. g3 c5 4. d5 exd5 5. cxd5 d6 6. Bg2 g6 7. Nf3 Bg7 8. O-O
O-O 9. a4 Re8 10. Nfd2 Na6 11. Nc3 Nc7 12. Nc4 b6 13. Bf4 Bf8 14. e4 Ba6 15. b3
Nh5 16. Be3 f6 17. Re1 Qd7 18. Qd2 Rad8 19. h3 Ng7 20. f4 f5 21. Bf2 fxe4 22.
Nxe4 Qf7 23. Ng5 Qf6 24. Ne4 Qf7 25. g4 Be7 26. Rad1 Bb7 27. Ne3 Rf8 28. Bg3
Nge8 29. f5 g5 30. f6 Bxf6 31. Nf5 Qg6 32. h4 Kh8 33. h5 Qg8 34. Nexd6 Nxd6 35.
Nxd6 Ba8 36. Kh2 Qg7 37. Nf5 Qd7 38. d6 Bxg2 39. dxc7 Qxd2 40. cxd8=Q 1-0

[Event "X European Club Cup Gruppo 2"]
[Site "Pola CRO"]
[Date "1994.??.??"]
[Round "3.3"]
[White "Villa, Flavio"]
[Black "Cebalo, Miso"]
[Result "0-1"]
[WhiteElo "2000"]
[BlackElo "2520"]
[PlyCount "80"]
[EventDate "1994.??.??"]

1. d4 Nf6 2. Nf3 e6 3. g3 b5 4. Bg2 Bb7 5. O-O c5 6. Nbd2 cxd4 7. Nb3 Be7 8.
Nbxd4 a6 9. Bd2 Nc6 10. Ne5 Qc7 11. Nexc6 dxc6 12. Nb3 c5 13. Bxb7 Qxb7 14. c4
O-O 15. Qc2 Qe4 16. Qxe4 Nxe4 17. Be3 bxc4 18. Na5 c3 19. b3 Bf6 20. Rad1 Rfd8
21. Rxd8+ Rxd8 22. Rc1 Bd4 23. Nc4 Nd6 24. Nxd6 Rxd6 25. Rc2 f5 26. Bc1 a5 27.
Ba3 Bf6 28. Bc1 g5 29. e3 Rd1+ 30. Kg2 g4 31. h3 h5 32. hxg4 hxg4 33. a4 Kf7
34. Ba3 Rd2 35. Rc1 c2 36. Kf1 Bc3 37. Ke1 e5 38. Bb2 Rd1+ 39. Ke2 Rxc1 40.
Bxc1 e4 0-1

[Event "X European Club Cup Gruppo 2"]
[Site "Pola CRO"]
[Date "1994.??.??"]
[Round "3.4"]
[White "Dizdar, Goran"]
[Black "Sciortino, Massimo"]
[Result "1-0"]
[WhiteElo "2465"]
[BlackElo "1915"]
[PlyCount "49"]
[EventDate "1994.??.??"]

1. d4 d6 2. Nf3 f5 3. Nc3 Nf6 4. Bg5 Ne4 5. Nxe4 fxe4 6. Nd2 d5 7. f3 Nc6 8. e3
exf3 9. Qxf3 g6 10. Bb5 Bg7 11. O-O Bf5 12. c4 Be6 13. Nb3 Rf8 14. Qe2 Rxf1+
15. Rxf1 a6 16. Nc5 Qc8 17. cxd5 Bxd5 18. Bc4 Qd8 19. Nxb7 Qd7 20. Nc5 Nxd4 21.
Qf2 Bxc4 22. Nxd7 Ne2+ 23. Kh1 Kxd7 24. Rd1+ Kc8 25. Qf3 1-0

[Event "X European Club Cup Gruppo 2"]
[Site "Pola CRO"]
[Date "1994.??.??"]
[Round "3.5"]
[White "Paoli, Enrico"]
[Black "Kovacevic, Vlatko"]
[Result "0-1"]
[WhiteElo "2042"]
[BlackElo "2495"]
[PlyCount "55"]
[EventDate "1994.??.??"]

1. e4 e6 2. d4 d5 3. Nc3 Nf6 4. e5 Nfd7 5. Nf3 Be7 6. Be2 b6 7. O-O O-O 8. Be3
c5 9. Re1 Nc6 10. Bf1 Bb7 11. Qd2 Rc8 12. a3 cxd4 13. Bxd4 a6 14. Rad1 Qc7 15.
g3 Nxd4 16. Qxd4 Bxa3 17. Bd3 Be7 18. h4 Nc5 19. Bf1 Ne4 20. Nxe4 dxe4 21. Ng5
Bc5 22. Qc3 Qb8 23. Rd7 Bxf2+ 24. Kxf2 Rxc3 25. bxc3 Qc8 26. Rxb7 Qxb7 27. Bg2
Qc7 28. Bxe4 0-1

[Event "X European Club Cup Gruppo 2"]
[Site "Pola CRO"]
[Date "1994.??.??"]
[Round "3.6"]
[White "Bukal, Vladimir sr"]
[Black "Reggiani, Mauro"]
[Result "1-0"]
[WhiteElo "2410"]
[BlackElo "2134"]
[PlyCount "59"]
[EventDate "1994.??.??"]

1. c4 c5 2. g3 g6 3. Nc3 Bg7 4. Bg2 Nc6 5. e3 e6 6. a3 Nge7 7. e4 a6 8. d3 d6
9. Nge2 Rb8 10. a4 O-O 11. O-O Nd4 12. Nxd4 cxd4 13. Ne2 b5 14. cxb5 axb5 15.
a5 Nc6 16. Bd2 b4 17. Qa4 Bd7 18. Nf4 Ne5 19. Qb3 Bb5 20. Bxb4 Bxd3 21. Nxd3
Nxd3 22. Qxd3 Rxb4 23. a6 Qb6 24. a7 Ra8 25. Ra6 Qc5 26. Qa3 Rb7 27. Qxc5 dxc5
28. Rfa1 e5 29. Bf1 Rb4 30. b3 1-0

[Event "C.to Europeo U16"]
[Site "Baile Herculane ROU"]
[Date "1994.??.??"]
[Round "1"]
[White "Williams, Simon K."]
[Black "Oberrauch, Martin"]
[Result "0-1"]
[WhiteElo "2180"]
[BlackElo "1600"]
[PlyCount "69"]
[EventDate "1994.??.??"]

1. c4 c5 2. Nc3 Nf6 3. e4 Nc6 4. g3 g6 5. Bg2 Bg7 6. Nge2 e5 7. O-O O-O 8. f4
d6 9. f5 Nd4 10. Nxd4 cxd4 11. Ne2 Bd7 12. d3 b5 13. cxb5 Bxb5 14. a4 Bc6 15.
b4 d5 16. Bg5 dxe4 17. Rc1 Qd7 18. b5 Bb7 19. Bxf6 Bxf6 20. dxe4 Qd6 21. Qd3
Bg5 22. Rc4 Rac8 23. Rxc8 Rxc8 24. Qb3 Qc7 25. fxg6 hxg6 26. Qd1 Be3+ 27. Kh1
Qc4 28. Ng1 Qe6 29. Qb1 Rc3 30. Ne2 Ra3 31. Nc1 Qc4 32. b6 a6 33. h4 Rxa4 34.
Nd3 Ra2 35. Ne1 0-1

[Event "C.to Europeo U16"]
[Site "Baile Herculane ROU"]
[Date "1994.??.??"]
[Round "2"]
[White "Oberrauch, Martin"]
[Black "Galyas, Miklos"]
[Result "0-1"]
[WhiteElo "1600"]
[BlackElo "2245"]
[PlyCount "76"]
[EventDate "1994.??.??"]

1. d4 f5 2. c4 Nf6 3. Nc3 g6 4. Nf3 Bg7 5. g3 O-O 6. Bg2 d6 7. O-O Nc6 8. b3
Ne4 9. Bb2 Nxc3 10. Bxc3 e5 11. dxe5 dxe5 12. Qd5+ Kh8 13. Qxd8 Rxd8 14. Ng5
Re8 15. Bd5 h6 16. Bxc6 bxc6 17. Nf3 c5 18. Rad1 e4 19. Bxg7+ Kxg7 20. Ne1 Be6
21. Nc2 a5 22. Na3 a4 23. Nb5 Re7 24. Ra1 Rb8 25. Rab1 c6 26. Nc3 axb3 27. axb3
Reb7 28. Na4 Bxc4 29. Nxc5 Rb5 30. Na6 R8b6 31. Nc7 Rxb3 32. Rxb3 Rxb3 33. Re1
Kf7 34. e3 Rb7 35. Rc1 Bd3 36. Na8 c5 37. h4 c4 38. Kg2 Rb3 0-1

[Event "C.to Europeo U16"]
[Site "Baile Herculane ROU"]
[Date "1994.??.??"]
[Round "3"]
[White "Kryzius, Kestutis"]
[Black "Oberrauch, Martin"]
[Result "1-0"]
[WhiteElo "2055"]
[BlackElo "1600"]
[PlyCount "76"]
[EventDate "1994.??.??"]

1. e4 Nf6 2. e5 Nd5 3. d4 d6 4. Nf3 Bg4 5. Be2 Nc6 6. c4 Nb6 7. exd6 cxd6 8.
Nc3 g6 9. b3 Bg7 10. Be3 O-O 11. h3 Bf5 12. O-O d5 13. c5 Nc8 14. Qd2 Re8 15.
a3 Be4 16. Nxe4 dxe4 17. Ng5 Nxd4 18. Bc4 e6 19. Rad1 Nc6 20. Qxd8 Rxd8 21.
Rxd8+ Nxd8 22. Rd1 Ne7 23. Rd7 Nec6 24. Bb5 f5 25. Bc4 Ne5 26. Nxe6 Nxd7 27.
Nxd8+ Kh8 28. Nf7+ Kg8 29. Ne5+ Kf8 30. Nxd7+ Ke7 31. Bb5 a6 32. b4 Rd8 33. c6
bxc6 34. Bxc6 Rxd7 35. Bxd7 Kxd7 36. Ba7 Bf8 37. Kf1 Ke6 38. Ke2 Ke5 1-0

[Event "C.to Europeo U16"]
[Site "Baile Herculane ROU"]
[Date "1994.??.??"]
[Round "4"]
[White "Oberrauch, Martin"]
[Black "Maros, Milan"]
[Result "1/2-1/2"]
[WhiteElo "1600"]
[BlackElo "2195"]
[PlyCount "65"]
[EventDate "1994.??.??"]

1. d4 Nf6 2. c4 e6 3. Nc3 d5 4. Bg5 Be7 5. e3 Nbd7 6. Nf3 O-O 7. Bd3 dxc4 8.
Bxc4 c5 9. O-O cxd4 10. exd4 Nb6 11. Bb3 h6 12. Bh4 Nbd5 13. Rc1 b6 14. Bg3 Bb7
15. Ne5 Rc8 16. Nxd5 Bxd5 17. Rxc8 Qxc8 18. Bxd5 Nxd5 19. Qa4 Qb7 20. Rc1 Rc8
21. Rxc8+ Qxc8 22. Qc6 Qxc6 23. Nxc6 a6 24. Kf1 Kf8 25. Nxe7 Kxe7 26. a3 Kd7
27. Ke2 Kc6 28. Kd3 b5 29. f3 Ne7 30. Bf2 Nd5 31. g4 g6 32. Be3 h5 33. Bd2
1/2-1/2

[Event "V Festival Open"]
[Site "Catania ITA"]
[Date "1994.08.06"]
[Round "1"]
[White "Alaimo, Riccardo"]
[Black "Carmeni, Giovanni"]
[Result "0-1"]
[WhiteElo "1837"]
[BlackElo "1570"]
[PlyCount "126"]
[EventDate "1994.08.06"]

1. e4 c6 2. d4 d5 3. exd5 cxd5 4. c4 Nf6 5. Nc3 Nc6 6. Bg5 e6 7. c5 Be7 8. Bb5
O-O 9. Bxc6 bxc6 10. Nf3 Qa5 11. O-O Re8 12. Ne5 Bb7 13. Qc2 Nd7 14. b4 Qc7 15.
Bf4 Bf6 16. Rfe1 Nxe5 17. Bxe5 Bxe5 18. dxe5 a5 19. b5 Qe7 20. bxc6 Bxc6 21.
Ne2 Bb5 22. Nd4 Bc4 23. c6 Qc5 24. Red1 Rab8 25. Nb3 Qxc6 26. Nxa5 Qb5 27. Nxc4
Qxc4 28. Qxc4 dxc4 29. Rdc1 Rec8 30. a4 c3 31. a5 Ra8 32. Ra3 h6 33. Kf1 Rc5
34. a6 c2 35. f4 g5 36. g3 Kg7 37. Ke2 Kg6 38. Kd3 Rc6 39. a7 Rc7 40. Rxc2
Rcxa7 41. Rac3 Ra2 42. Ke4 R8a4+ 43. Ke3 Kf5 44. Rxa2 Rxa2 45. Rc7 gxf4+ 46.
gxf4 Ra3+ 47. Kf2 Kxf4 48. Rxf7+ Kxe5 49. Kg2 Ra4 50. Kg3 Ra8 51. Rh7 Rg8+ 52.
Kf3 Rg6 53. Ke3 Kf5 54. Kf3 e5 55. Rf7+ Rf6 56. Rxf6+ Kxf6 57. Ke4 h5 58. h4
Ke6 59. Ke3 Kf5 60. Kf3 e4+ 61. Ke3 Ke5 62. Ke2 Kf4 63. Kf2 Kg4 0-1

[Event "V Festival Open"]
[Site "Catania ITA"]
[Date "1994.08.07"]
[Round "2"]
[White "Verde, Salvatore"]
[Black "Alaimo, Riccardo"]
[Result "0-1"]
[WhiteElo "1600"]
[BlackElo "1837"]
[PlyCount "68"]
[EventDate "1994.08.06"]

1. e4 c5 2. Nf3 d6 3. d4 cxd4 4. c3 Nf6 5. Bd3 dxc3 6. Nxc3 e6 7. O-O Be7 8.
Qe2 Nbd7 9. Rd1 a6 10. h3 Qa5 11. Bd2 Qh5 12. Qe1 Nc5 13. Bc2 O-O 14. b4 Ncd7
15. a4 b6 16. Ne2 Ne5 17. Nh2 Qh4 18. Ng3 Nh5 19. Ra3 Bb7 20. Nxh5 Qxh5 21. Rg3
Rac8 22. Bb1 Bh4 23. Rb3 Rc4 24. Rc1 Rfc8 25. Rbc3 Rxc3 26. Rxc3 Rxc3 27. Bxc3
Bf6 28. f3 Qh6 29. Nf1 Nc6 30. Bd2 Bd4+ 31. Kh2 Qf6 32. Qg3 Nxb4 33. Kh1 Bc5
34. Bg5 Qd4 0-1

[Event "V Festival Open"]
[Site "Catania ITA"]
[Date "1994.08.09"]
[Round "4"]
[White "La Franca, Vincenzo"]
[Black "Alaimo, Riccardo"]
[Result "0-1"]
[WhiteElo "1612"]
[BlackElo "1837"]
[PlyCount "44"]
[EventDate "1994.08.06"]

1. d4 Nf6 2. c4 e5 3. dxe5 Ng4 4. Nf3 Bc5 5. e3 Nc6 6. Be2 Ngxe5 7. Nxe5 Nxe5
8. b3 O-O 9. Bb2 Re8 10. O-O a5 11. a4 Ra6 12. Nd2 Rh6 13. Bxe5 Rxe5 14. Nf3
Reh5 15. g3 d6 16. Qc2 Bf5 17. Qb2 g5 18. Rfd1 g4 19. Ne5 Qg5 20. Kf1 Rxh2 21.
Bd3 Qxe3 22. fxe3 Rh1+ 0-1

[Event "V Festival Open"]
[Site "Catania ITA"]
[Date "1994.08.10"]
[Round "5"]
[White "Alaimo, Riccardo"]
[Black "Ruggieri, Oliviero"]
[Result "1-0"]
[WhiteElo "1837"]
[BlackElo "1857"]
[PlyCount "59"]
[EventDate "1994.08.06"]

1. e4 g6 2. d4 Bg7 3. Nc3 c6 4. Bc4 d6 5. Qe2 e6 6. Nf3 Nd7 7. Bg5 Ne7 8. e5 d5
9. Bd3 a6 10. Qe3 h6 11. Bf4 Qc7 12. Ne2 c5 13. c3 b5 14. a3 c4 15. Bc2 a5 16.
O-O Nc6 17. Bg3 Nb6 18. Nf4 Bb7 19. Bxg6 fxg6 20. Nxe6 Qe7 21. Nxg7+ Qxg7 22.
Nh4 Ne7 23. e6 Nc6 24. f4 Bc8 25. f5 Rf8 26. Nxg6 Rf6 27. Ne5 Ne7 28. Nf7 Rxf7
29. exf7+ Qxf7 30. f6 1-0

[Event "V Festival Open"]
[Site "Catania ITA"]
[Date "1994.08.11"]
[Round "6"]
[White "Poscente, Davide"]
[Black "Alaimo, Riccardo"]
[Result "1/2-1/2"]
[WhiteElo "2023"]
[BlackElo "1837"]
[PlyCount "25"]
[EventDate "1994.08.06"]

1. Nf3 Nf6 2. b4 e5 3. Nxe5 Bxb4 4. e3 d6 5. Nf3 O-O 6. Be2 Nc6 7. O-O Bf5 8.
d4 Ne4 9. Bb2 Re8 10. d5 Ne5 11. Nd4 Bd7 12. f3 Nc5 13. e4 1/2-1/2

[Event "V Festival Open"]
[Site "Catania ITA"]
[Date "1994.08.12"]
[Round "7"]
[White "Alaimo, Riccardo"]
[Black "Bonaccorsi, Fabrizio"]
[Result "0-1"]
[WhiteElo "1837"]
[BlackElo "2145"]
[PlyCount "72"]
[EventDate "1994.08.06"]

1. e4 c5 2. Nc3 Nc6 3. f4 e6 4. Nf3 a6 5. g3 d5 6. d3 Nf6 7. Qe2 Be7 8. Bg2 O-O
9. O-O d4 10. Nd1 b5 11. Nf2 Qc7 12. g4 a5 13. g5 Nd7 14. Nh4 Re8 15. Ng4 c4
16. f5 exf5 17. Nxf5 Nde5 18. Bf4 Bf8 19. Bg3 Qd8 20. Rf2 Qxg5 21. Nfh6+ gxh6
22. Nf6+ Kh8 23. Nxe8 Bg4 24. h4 Qg6 25. Qf1 Rxe8 26. Rf6 Qg7 27. Kh2 Re6 28.
Rf4 Rg6 29. Be1 Bd6 30. Rf5 Bxf5 31. exf5 Ng4+ 32. Kh1 Ne3 33. fxg6 Nxf1 34.
Bxc6 Qe5 35. Kg1 Ne3 36. Kf2 Qh2+ 0-1

[Event "V Festival Open"]
[Site "Catania ITA"]
[Date "1994.08.13"]
[Round "8"]
[White "Tuttobene, Sergio"]
[Black "Alaimo, Riccardo"]
[Result "1-0"]
[WhiteElo "1900"]
[BlackElo "1837"]
[PlyCount "101"]
[EventDate "1994.08.06"]

1. d4 Nf6 2. c4 e5 3. dxe5 Ng4 4. Nf3 Bc5 5. e3 Nc6 6. Nc3 Ngxe5 7. Be2 O-O 8.
O-O Re8 9. b3 Nxf3+ 10. Bxf3 Ne5 11. Be2 a5 12. Bb2 Ra6 13. Qd5 Ba7 14. Rad1
Rh6 15. g3 d6 16. Na4 c6 17. Qd2 Bh3 18. Rfe1 Qd7 19. Qxa5 Bg2 20. Rxd6 Qxd6
21. Rd1 Qe6 22. Qxe5 Qxe5 23. Bxe5 Bh3 24. c5 Rhe6 25. Bd4 Bb8 26. f4 R6e7 27.
Kf2 Bc7 28. Nb2 Bf5 29. Nc4 Rd8 30. Ra1 Be4 31. Rc1 f6 32. Nd6 Ba5 33. Bc4+ Kf8
34. Nxe4 Rxe4 35. Bd3 Re7 36. Bxh7 Kf7 37. Bd3 Rde8 38. Rc2 Rd8 39. h4 Bc7 40.
h5 Ba5 41. Bc4+ Kf8 42. h6 gxh6 43. Bxf6 Rd2+ 44. Rxd2 Bxd2 45. Bxe7+ Kxe7 46.
Kf3 h5 47. e4 Kf6 48. Kg2 Be3 49. Kh3 Bxc5 50. Kh4 Bf2 51. Be2 1-0